00730 2200265 4500001002100000005001500021035002000036007000300056008004100059020002200100082001700122084001900139100003000158245005900188250002600247260004800273300002900321650002000350700002100370040001700391850001200408041000800420990001800428990001800446INLIS00000000081724620181112031053 a0010-1018000126ta181008s2016 jbi g f ind d a978-602-9193-81-704223a899.2213 a899.2213 NAJ m0 aNajib Kartapati Z.d1954-1 aMaysuri /cNajib Kartapati Z.; editor, M. Iqbal Dawami aCetakan I, Maret 2016 aTangerang Selatan :bPustaka Alvabet,c2016 avi, 308 halaman ;c20 cm 4aFiksi Indonesia1 aIqbal Dawami, M. aYOPDYOGbind aYOPDYOG0 aind a32314-PD/B.18 a32315-PD/B.18